LEADER 01084nam 2200385 450 001 9910794568103321 005 20230817184955.0 010 $a93-5465-108-9 035 $a(CKB)4100000011922561 035 $a(MiAaPQ)EBC6579588 035 $a(Au-PeEL)EBL6579588 035 $a(OCoLC)1250083209 035 $a(EXLCZ)994100000011922561 100 $a20220530d2019 uy 0 101 0 $aeng 135 $aurcnu|||||||| 181 $ctxt$2rdacontent 182 $cc$2rdamedia 183 $acr$2rdacarrier 200 10$aChest x-ray in neonates and children /$fSwapan K. Ray 210 1$aNew Delhi ;$aLondon ;$aPanama :$cJaypee Brothers Medical Publishers,$d[2019] 210 4$dİ2019 215 $a1 online resource (75 pages) 311 $a93-5270-594-7 606 $aNeonatology 615 0$aNeonatology. 676 $a618.9201 700 $aRay$b Swapan K.$01471827 801 0$bMiAaPQ 801 1$bMiAaPQ 801 2$bMiAaPQ 906 $aBOOK 912 $a9910794568103321 996 $aChest x-ray in neonates and children$93684280 997 $aUNINA LEADER 01130nam2 22003013i 450 001 VIA0092050 005 20251003044441.0 100 $a20091223d2001 ||||0itac50 ba 101 | $aita 102 $ait 181 1$6z01$ai $bxxxe 182 1$6z01$an 200 0 $a1 205 $a4. ed 210 $aMilano$cTecniche nuove$d[2001] 215 $a1 v. (paginazione varia)$cill.$d25 cm. 461 1$1001VIA0092047$12001 $aManuale della climatizzazione$fdirezione e coordinamento: Antonio Briganti$v1 606 $aIMPIANTI DI RISCALDAMENTO$xMANUALI$2FIR$3MILC132028$9I 606 $aIMPIANTI PER ARIA CONDIZIONATA$xMANUALI$2FIR$3MILC034690$9I 676 $a697.9$9Aerazione e condizionamento d'aria$v14 676 $a697.93$9Aerazione e condizionamento d'aria. Condizionamento d'aria$v22 801 3$aIT$bIT-000000$c20091223 850 $aIT-BN0095 912 $aVIA0092050 950 2$aBiblioteca Centralizzata di Ateneo$cv. 1-2$d 01SALA DING 697.9 MANDC$e 0102 0000053705 VMA A4(0001 v. 1$fY $h20040330$i20040330 977 $a 01 996 $a1$961339 997 $aUNISANNIO